000 00827nas a2200265 4500
001 BR8102367
003 BR-BrBNA
005 20231205084653.0
007 ta
008 230509b bl.|||p| |||| 00| 00por d
040 _aBR-BrBNA
_bpor
_cBiblioteca Nacional de Agricultura
041 _a(Pt)
072 _aM30
100 1 _aSantos, U. de M.
245 1 _aAspectos limnologicos do lago Grande do Jutai (Amazonia central), face as alteracoes quimicas do meio hidrico da regiao [Brasil]
650 _aLimnologia
650 _aMeio ambiente
650 _aAnalise quimica
650 _aAgua
650 _aLago Grande do Jutai
650 _aAmazonia
773 0 _tActa Amazonica (Brazil)
_xISSN 0044-5967
_g(Dec 1980), v. 10(4) p. 797-822
_wBR8102367
909 _a202311
_bLúcia
_c55
_dLúcia Elande
942 _2AGRIS
_n0
_cANA
999 _c106582
_d106582